00926cam a2200289 a 45000010008000000030004000080050017000120080041000290100017000700200043000870200018001300350012001480400018001600500021001780820017001991000023002162450076002392500012003152600072003273000036003993360026004353370028004613380027004895000020005166500011005368560089005473942506OSt20260121085513.0930504s1994 nyua 001 0 eng  a 93024590  a0679414614 :c$24.00 FPT ($31.50 Can.) a9780679414612 a3942506 aDLCcDLCdDLC00aBD444b.N85 199400a616.07/82201 aNuland, Sherwin B.10aHow we die :breflections on life's final chapter /cSherwin B. Nuland. a1st ed. aNew York :bA.A. Knopf :bDistributed by Random House, Inc.,c1994. axviii, 278 p. :bill. ;c25 cm. atextbtxt2rdacontent aunmediatedbn2rdamedia avolumebnc2rdacarrier aIncludes index. 0aDeath.423Publisher descriptionuhttp://www.loc.gov/catdir/description/random049/93024590.html